FRANC GRIVEC, SLOVENSKI KNEZ KOCELJ.

Podrobná bibliografia
Hlavný autor: FH. (Autor)
Médium: Článok
Jazyk:slovenčina

MARC

LEADER 00000nab a2200000uu 4500
001 vtls010896303
003 SK-MaSNL
005 20260303141730.0
008 230222|1940 xo |||||||||||||||||slo|
015 |a SNBRB 
035 |a (urnnbn)urn:nbn:sk:snk:ar-006kww 
035 |a (uuid)d6fb199f-92b4-4dc8-91d1-c41ffdd98134 
035 |a urn:nbn:sk:snk-ab8ozp 
040 |a SNKBUCL  |b slo  |c SNKBUCL  |e AACR2 
041 0 |a slo 
044 |a xo  |c SK 
100 1 |a FH.  |4 aut  |9 924076 
245 1 0 |a FRANC GRIVEC, SLOVENSKI KNEZ KOCELJ.  |c Fh. 
773 0 |t Sborník Matice slovenskej  |g Roč. 18, č. 2 (1940), s. 302 
954 |a odborná, vedecká literatúra pôvodná (slovenská)  |2 lita 
958 |a OND 
958 |a EUIPO 
958 |a article10 
999 |c 1978293  |d 1980223